-
Daniels, John D and Radebaugh, Lee H
Entry Personal Name
Number of records used in: 1
001 - CONTROL NUMBER
003 - CONTROL NUMBER IDENTIFIER
005 - DATE AND TIME OF LATEST TRANSACTION
- control field:
20160624121119.0
008 - FIXED-LENGTH DATA ELEMENTS
- fixed length control field:
160624|| aca||aabn | a|a d
040 ## - CATALOGING SOURCE
- Original cataloging agency:
OSt
- Transcribing agency:
OSt
100 ## - HEADING--PERSONAL NAME
- Personal name:
Daniels, John D and Radebaugh, Lee H
670 ## - SOURCE DATA FOUND
- Source citation:
Work cat.: (OSt): Daniels, John D and Radebaugh, Lee H, International Business